Quizzes
Events
Quiz Creation
Community
Videos
Private Events
Remove Ads
Sign In
Join for FREE
Feedback
Dark Mode
Quiz Categories
Sports
Geography
Music
Movies
Television
Just For Fun
Miscellaneous
History
Literature
Language
Science
Gaming
Entertainment
Religion
Holiday
For Kids
Quiz Lab
Recent
Popular Today
Quiz Kudos Today
Editor Picks
Curator Picks
Quizzes by...
Day
Popularity
Type
Ratings
Length
Year
Community
Subscriptions
Recent Discussions
Orange Saloon
Badges
Playlists
Quests
Create
Leaderboards
Showdown
Live 5
Trivia Bingo
Activity
Puzzle Library
Sporcle Events
Private Events
Virtual Trivia
Globe League
Become a Host
Pub Owners
SporcleCon
Opinionation
Our Games
Videos
Blog
Mobile Apps
Partnerships
Remove Ads and Go Orange
Feedback
Literature
Harry Potter
A Song of Ice and Fire
The Hunger Games
Literary Character
Shakespeare
Book
Author
Novel
Poem
Young Adult
Children's Books
Play
Lord of the Rings
Literature
Harry Potter
A Song of Ice and Fire
The Hunger Games
Literary Character
Shakespeare
Book
Author
Novel
Poem
Young Adult
Children's Books
Play
Lord of the Rings
Random Quiz
Search Sporcle
×
Quiz Lab
Quiz Lab
Literature
A Song of Ice and Fire
Type in answers that appear in a list
Type in answers that appear in a list
Classic
Best Score? Go Orange.
A Clash of Kings: 50 Most Appearings by # of Chapters Stats
Can you name the characters in George RR Martin's 'A Clash of Kings' according to the number of chapters they appear in?
By
reisanibal
12m
50 Questions
790 Plays
790 Plays
790 Plays
Comments
Comments
Give Quiz Kudos
Give Quiz Kudos
-
- Ratings
hide this ad
More Info
Replay
Link that replays current quiz
Next Quiz
Link to next quiz in quiz playlist
You Got
0%
They Got
Avg Score
76%
Avg Friend Score
Upgrade to see
Score Distribution
Jump to the score distribution portion of the page
Score
0/50
Timer
12:00
0
Plays Today
# of Chapters
Character
% Correct
18
Tyrion Lannister
99%
14
Cersei Lannister
98.2%
10
Arya Stark
98.2%
10
Sansa Stark
97.8%
7
Catelyn Tully
97.3%
7
Bran Stark
96.5%
8
Jon Snow
96.1%
4
Stannis Baratheon
95.8%
8
Theon Greyjoy
94.6%
5
Samwell Tarly
93.9%
5
Daenerys Targaryen
93.7%
7
Petyr Baelish
93.5%
9
Joffrey Baratheon
93.3%
12
Varys
92.9%
8
Sandor Clegane
91.5%
5
Jorah Mormont
90.4%
9
Gendry
90.2%
5
Jeor Mormont
90%
13
Bronn
89.9%
8
Hot Pie
88.7%
6
Brienne Tarth
88.6%
10
Maester Luwin
85.6%
7
Meryn Trant
84%
6
Shae
83.9%
5
Hodor
83.7%
# of Chapters
Character
% Correct
5
Meera Reed
81.9%
5
Jojen Reed
81.7%
6
Balon Swann
80.4%
6
Osha
79.7%
5
Lommy
77.6%
8
Podrick Payne
71.2%
7
Jaqen H'ghar
71.1%
5
Ramsay Snow
68.4%
7
Lancel Lannister
68.2%
5
Mandon Moore
67.4%
6
Big Walder Frey
66.9%
6
Little Walder Frey
66.9%
5
Aggo
56.9%
7
Rorge
56.1%
6
Biter
55.4%
5
Jhogo
55.3%
7
Dontos Hollard
54.6%
5
Lollys Stokeworth
50.2%
5
Jacelyn Bywater
50.1%
5
Preston Greenfield
49%
6
Tanda Stokeworth
48.8%
7
Gyles Rosby
41.6%
5
Timett
36.1%
5
Wex
36.1%
5
Horas Redwyne
31.9%
Quiz Playlist
Details
Report
Send in Message
Add To Playlist
More Info:
The characters must actually appear in the chapters. Mentions do not count.
Classic:
Type in answers that appear in a list
Last Updated: Feb 16, 2017
Quiz Scoreboard
CHALLENGE
Sign Up to Join the Scoreboard
Show All
Scores
Hide
Comments
May contain spoilers
Recently Published
Popular People in 1961
by mucciniale
History
6m
1-10 Letter E Words III
by El_Dandy
Language
2m
One Thing in Common: World Cities II
by knightlancer
Geography
7m
More to Explore
Quiz From the Vault
Featured Blog Post
Where Did the Easter Bunny Come From?
hide this ad
You Might Also Like...
Tags
A Song of Ice and Fire Quiz
asoiaf
Fantasy
Fantasy Series
Game of Thrones
George RR Martin
Today's Top Quizzes in Literature
Browse Literature
hide this ad
Today's Top Quizzes in A Song of Ice and Fire
Browse A Song of Ice and Fire
Top Contributed Quizzes in Literature
1
Sneaky Slytherin Logic Puzzle
2
One Thing in Common: Literature
3
Get The Picture: Black or White Literature
4
Weasley Family Reunion: Logic Puzzle
5
One Thing in Common: Literature II
6
Harry Potter Neighbourly Logic Puzzle #5
7
Lily Potter Start to Finish
8
One Thing in Common: Literature 3
9
One Thing in Common: Books
10
ASOIAF Logic Puzzle [Difficult] [Read Note first!!]
Explore More
Trending Topics
Anime
Harry Potter
Crossword
Disney
Marvel
Kpop
NBA
NFL
Soccer
Pokémon
The Office
Country
WWE
Song
Puzzle
hide this ad
More By:
reisanibal
Quiz
Plays
Rating
Category
Featured
Created
A Game of Thrones: 50 Most Appearings by # of Chapters
6,312
4.24
Literature
Jan 11, 2015
Top 100 Characters From HBO's Game of Thrones
3,500
4.70
Television
Jan 20, 2015
Top 100 F1 Drivers
2,367
5.00
Sports
Jan 4, 2019
ASOIAF: 100 Most Mentions by # of Chapters
1,436
4.70
Literature
Aug 4, 2016
All winners for Ferrari F1 Team
1,286
5.00
Sports
Jul 10, 2019
Go to Creator's Profile
Score Distribution
Quiz Creator Spotlight
reisanibal
Follow
Send a Message
Quizzes Created
-
Created Quiz Play Count
-
More By This Creator
Popular Quizzes Today
1
Find the US States - No Outlines Minefield
2
Find the Countries of Europe - No Outlines Minefield
3
The Countries of the World
4
Popular People in 1961
5
1-10 Letter E Words III
6
Find the US States
7
US States
8
One Thing in Common: World Cities II
More Literature Quizzes
7 to 1: Characters from 'Anne of Green Gables' Series
Editor's Pick
Trending Quizzes
Risky Map Clicking: Least Populous States A-Z
1-10 Letter F Words
1-10 Letter G Words
One Thing in Common: United Kingdom
Risky Map Clicking: Next State Alphabetically
Recently Updated
Leaping Animals
pecheneg
Reality TV Shows (A-Z)
bhenderson79
Rickey Henderson's Hall of Fame Teammates
pecheneg
Champions League XIs: Arsenal
pecheneg
Quick Pick: Celebrities in WWE's Hall of Fame
aduchscher
A-Z Keypad Blitz II
pecheneg
Multiple Oscar Actors
pecheneg
Mystery Phrase Blitz: Oscar 'Best Actors'
pecheneg
F. Scott Fitzgerald Novels
LTH
Pick 3 Villains
ddd62291
Trending Topics
Harry Potter
NBA
Crossword
Disney
Anime
Marvel
Kpop
NFL
Puzzle
Soccer
WWE
Country
The Office
Pokémon
Song
Your Account Isn't Verified!
In order to create a playlist on Sporcle, you need to verify the email address you used during registration. Go to your
Sporcle Settings
to finish the process.
Report this User
Report this user for behavior that violates our
Community Guidelines
.
Details:
Send Report
Go to the Sporcle.com Mobile Site →
Comments